00309nam a2200121Ia 4500008004100000041000800041082001400049100001600063245002600079260004000105300003100145365001100176240624s9999 xx 000 0 und d aeng a338.7 NAT aNATHAN JOHN aSONY THE PRIVATE LIFE c2007aNew DelhibProfile Books Ltd. axvi, : 347 : p. : cm. ; 20 cRSb33